The sceptical vision of Moliere : (Record no. 23691)
[ view plain ]
| 000 -LEADER | |
|---|---|
| fixed length control field | 00797nam a2200241Ia 4500 |
| 008 - FIXED-LENGTH DATA ELEMENTS--GENERAL INFORMATION | |
| fixed length control field | 210303s9999 xx 000 0 und d |
| 016 ## - NATIONAL BIBLIOGRAPHIC AGENCY CONTROL NUMBER | |
| Source | reto2022b |
| 040 ## - CATALOGING SOURCE | |
| Original cataloging agency | NLN |
| Language of cataloging | English |
| Description conventions | AACR2 |
| 100 ## - MAIN ENTRY--AUTHOR | |
| Author | MCBRIDE, Robert |
| Relator term | aut |
| 245 #4 - TITLE STATEMENT | |
| Title | The sceptical vision of Moliere : |
| Remainder of title | a study in Paradox / |
| Statement of responsibility, etc | Robert McBride |
| 260 ## - PUBLICATION, DISTRIBUTION, ETC. (IMPRINT) | |
| Place of publication | New York : |
| Name of publisher | Barnes & Noble , |
| Date of publication | 1977. |
| 300 ## - COLLATION | |
| Pagination | [?]p. |
| Other physical details | [?]cm. |
| 563 ## - BINDING INFORMATION | |
| Binding note | (pbk) |
| 650 ## - TRACINGS | |
| Main Subject | Molière, 1622-1673 |
| Subdivision (1st) | Criticism and interpretation |
| Subdivision (2nd) | History |
| -- | 18th century |
| 650 ## - TRACINGS | |
| Main Subject | French drama (Comedy) |
| Subdivision (1st) | History and criticism |
| Subdivision (2nd) | Theory, etc. |
| 650 ## - TRACINGS | |
| Main Subject | Criticism |
| Subdivision (1st) | France |
| Subdivision (2nd) | History |
| -- | 18th century |
| 650 ## - TRACINGS | |
| Main Subject | Enlightenment |
| 942 ## - ADDED ENTRY ELEMENTS (KOHA) | |
| Item type | Books |
| 942 ## - ADDED ENTRY ELEMENTS (KOHA) | |
| Suppress in OPAC | No |
| 050 ## - LIBRARY OF CONGRESS CALL NUMBER | |
| Classification number | PQ1860 |
| Item number | .M12 |
| 082 ## - DEWEY DECIMAL CLASSIFICATION NUMBER | |
| Classification number | 842.4 |
| Withdrawn status | Lost status | Source of classification or shelving scheme | Damaged status | Not for loan | Home library | Current library | Date acquired | Total Checkouts | Full call number | Barcode. | Date last seen | Price effective from | Koha item type |
|---|---|---|---|---|---|---|---|---|---|---|---|---|---|
| Library of Congress Classification | LAGOS BRANCH | National Library of Nigeria | 04/03/2021 | PQ1860 .M12 | 2025-0078 | 04/03/2021 | 04/03/2021 | Books |
